000 00667nam a22002177a 4500
003 UA-OsUOA
001 107018
007 ta
008 20140701b un ||||| |||| 00| 0 ukr d
100 _aРибак С.
090 _a330(477)
_bР49
942 _cSA
040 _aUA-OsUOA
_bukr
_cUA-OsUOA
_dUA-OsUOA
245 _aСистема показників та індикаторів соціалізації бюджетної політики держави
300 _aС.3-16
955 _a0
041 _aukr
080 _a330(477)
773 0 _w107017
_tБанківська справа
_dК.
_d2014
_g4
650 7 _a330 Економіка взагалі
_2UDC
999 _c393043
_d393043